Vedecko-popularizačná práca
Nezastupiteľná úloha vysokých škôl v procese vedeckého bádania a výskumu. Projekt OSN/UNESCO venovaný kreovaniu vedomostnej ("knowledge based societies") spoločnosti. Efektívne a optimálne úsilie spolupráce vedca a žurnalistu.
Saved in:
| Main Author: | |
|---|---|
| Format: | Book Chapter |
| Language: | Slovak |
| Subjects: | |
| Tags: |
No Tags, Be the first to tag this record!
|
MARC
| LEADER | 00000naa a2200000 4500 | ||
|---|---|---|---|
| 001 | 0122366 | ||
| 005 | 20231114073336.8 | ||
| 041 | 0 | |a slo | |
| 044 | |a SK | ||
| 245 | 1 | 0 | |a Vedecko-popularizačná práca |c Dušan Hovorka |
| 520 | |a Nezastupiteľná úloha vysokých škôl v procese vedeckého bádania a výskumu. Projekt OSN/UNESCO venovaný kreovaniu vedomostnej ("knowledge based societies") spoločnosti. Efektívne a optimálne úsilie spolupráce vedca a žurnalistu. | ||
| 610 | 2 | 0 | |a univerzity |
| 610 | 2 | 0 | |a školy vysoké |
| 610 | 2 | 0 | |a výučba vedecká |
| 610 | 2 | 0 | |a vzdelanie vysokoškolské |
| 610 | 2 | 0 | |a hodnosti vedecko-pedagogické |
| 610 | 2 | 0 | |a spolupráca vedecká |
| 610 | 2 | 0 | |a spoločnosť vedomostná |
| 610 | 2 | 0 | |a veda |
| 610 | 2 | 0 | |a výskum |
| 610 | 2 | 0 | |a publicistika |
| 100 | 1 | |a Hovorka, Dušan | |